01923nam a2200493 i 450000100060000000300080000600500170001400600190003100700150005000800410006502000180010603500230012403500240014703500250017103500210019604000310021705000250024808000100027308200150028310000270029824500860032526401050041130000400051633600310055633700330058733800430062049000380066350000230070150400430072458801270076759001590089465000260105365000240107965000260110365000290112965000460115865000460120465500270125070000150127779700190129283000390131185600620135099900170141233502FlNmELB20241216220828.0m o d | cr cnu||||||||160128s2004 sp ob 001 0 spa d z9788474985009 a(MiAaPQ)EBC4184182 a(Au-PeEL)EBL4184182 a(CaPaEBR)ebr11126467 a(OCoLC)949163115 aFINmELBbspaerdacFINmELB 4aSD387.C37bD277 2004 a630*60 a628.532231 aDíaz Balteiro, Luis.13aLa captura de carbono y la gestión forestal /cLuis Díaz Balteiro, C. Romero. 1aMadrid :bINIA - Instituto Nacional de Investigación y Tecnología Agraria y Alimentaria,c[2004] a1 recurso en línea (79 páginas) atextobtxt2rdacontent/spa acomputadorabc2rdamedia/spa arecurso en líneabcr2rdacarrier/spa1 aMonografías INIA. Forestal ;v9 aContiene índice. aContiene referencias bibliográficas. aDescripción basada en recurso en línea; Título de la página del título en PDF (e-libro, visto January 28, 2016). aRecurso electronico. Santa Fe, Arg. : e-libro, 2016. Disponible via World Wide Web. El acceso puede ser limitado para las bibliotecas afiliadas a e-libro. 0aCarbon sequestration. 4aCaptura de carbono. 0aSustainable forestry. 4aSilvicultura sostenible. 0aForest managementxEnvironmental aspects. 4aGestión forestalxAspectos ambientales. 4aLibros electrónicos.1 aRomero, C.2 ae-libro, Corp. 0aMonografías INIA. Forestal ;v9.40uhttps://elibro.net/ereader/politecnicointernacional/52130 c33502d33502